Essentials of general psychology (Record no. 9723)

MARC details
000 -LEADER
fixed length control field 00537cam a2200205ua 4500
001 - CONTROL NUMBER
control field 10769
005 - DATE AND TIME OF LATEST TRANSACTION
control field 20260515114647.0
008 - FIXED-LENGTH DATA ELEMENTS--GENERAL INFORMATION
fixed length control field 190402n ii |||gr||||Z||||||eng
020 ## - INTERNATIONAL STANDARD BOOK NUMBER
International Standard Book Number 9788183162852
040 ## - CATALOGING SOURCE
Transcribing agency MAIN
082 ## - DEWEY DECIMAL CLASSIFICATION NUMBER
Classification number 150
245 ## - TITLE STATEMENT
Title Essentials of general psychology
Statement of responsibility, etc. By S P Chaube and Akhilesh Chaube
250 ## - EDITION STATEMENT
Edition statement 1st ed.
260 ## - PUBLICATION, DISTRIBUTION, ETC.
Place of publication, distribution, etc. New Delhi:
Name of publisher, distributor, etc. Neelkamal publications,
Date of publication, distribution, etc. 2011.
300 ## - PHYSICAL DESCRIPTION
Extent 443p.
653 ## - INDEX TERM--UNCONTROLLED
Uncontrolled term Psychology
700 ## - ADDED ENTRY--PERSONAL NAME
Personal name S P Chaube,
Relator term Author.,
700 ## - ADDED ENTRY--PERSONAL NAME
Personal name Akhilesh Chaube,
Relator term Author.
942 ## - ADDED ENTRY ELEMENTS (KOHA)
Koha item type Books
Holdings
Withdrawn status Lost status Damaged status Not for loan Home library Current library Shelving location Date acquired Total checkouts Full call number Barcode Date last seen Date last checked out Copy number Price effective from Koha item type
        Naharkatiya College Library Naharkatiya College Library General stacks 09/19/2020 1 150Psychology | CHA 24649 03/05/2025 02/24/2025 1 09/19/2020 Books